000 00427nam a2200157 a 4500
005 20140414132124.0
008 130213s19uu xx 00 eng d
020 _a9781934706589
050 _aTR
_bFu983 2009
245 _aFurry friends:
_bsame and different.
260 _aUnited States :
_bHarriet Ziefert, Inc,
_c2009.
300 _a20p.
440 _aFlip a face
650 _aFace-
_xsizes-
_xdifferent.
999 _c115155
_d115155